<?xml version="1.0" encoding="UTF-8"?>
<record
    xmlns:xsi="http://www.w3.org/2001/XMLSchema-instance"
    xsi:schemaLocation="http://www.loc.gov/MARC21/slim http://www.loc.gov/standards/marcxml/schema/MARC21slim.xsd"
    xmlns="http://www.loc.gov/MARC21/slim">

  <leader>01119nam a22002537i 4500</leader>
  <datafield tag="999" ind1=" " ind2=" ">
    <subfield code="c">22835</subfield>
    <subfield code="d">22835</subfield>
  </datafield>
  <controlfield tag="003">AR-CdUCM</controlfield>
  <controlfield tag="008">240419b20132013pe ||||| |||| 00| 0 spa d</controlfield>
  <datafield tag="040" ind1=" " ind2=" ">
    <subfield code="a">MUNICIPALIDAD PROVINCIAL DEL CUSCO</subfield>
    <subfield code="c">BIBLIOTECA MUNICIPAL DEL CUSCO</subfield>
  </datafield>
  <datafield tag="082" ind1=" " ind2=" ">
    <subfield code="a">353.422 / HEI</subfield>
    <subfield code="b">HEI</subfield>
  </datafield>
  <datafield tag="100" ind1=" " ind2=" ">
    <subfield code="a">Ministerio de Educaci&#xF3;n</subfield>
  </datafield>
  <datafield tag="245" ind1=" " ind2=" ">
    <subfield code="a">Hacia una Educaci&#xF3;n Intercultural Biling&#xFC;e de calidad :</subfield>
    <subfield code="b">Propuesta Pedag&#xF3;gica /</subfield>
  </datafield>
  <datafield tag="260" ind1=" " ind2=" ">
    <subfield code="a">Lima :</subfield>
    <subfield code="c">2013</subfield>
  </datafield>
  <datafield tag="300" ind1=" " ind2=" ">
    <subfield code="a">148 P&#xE1;ginas. :</subfield>
    <subfield code="c">20.5 cm.</subfield>
  </datafield>
  <datafield tag="500" ind1=" " ind2=" ">
    <subfield code="z">Bibliograf&#xED;a: p&#xE1;ginas 109-117</subfield>
  </datafield>
  <datafield tag="505" ind1=" " ind2=" ">
    <subfield code="a">Propuesta Pedag&#xF3;gica -- Diversidad e identidad -- Enfoques pedag&#xF3;gicos -- La escuela intercultural biling&#xFC;e que queremos</subfield>
  </datafield>
  <datafield tag="650" ind1=" " ind2=" ">
    <subfield code="a">Del pa&#xED;s que somos al pa&#xED;s que queremos</subfield>
    <subfield code="9">49586</subfield>
  </datafield>
  <datafield tag="650" ind1=" " ind2=" ">
    <subfield code="a">Los enfoques de los que partimos</subfield>
    <subfield code="9">49587</subfield>
  </datafield>
  <datafield tag="650" ind1=" " ind2=" ">
    <subfield code="a">La escuela intercultural biling&#xFC;e que queremos</subfield>
    <subfield code="9">49588</subfield>
  </datafield>
  <datafield tag="650" ind1=" " ind2=" ">
    <subfield code="a">C&#xF3;mo organizamos y planificamos nuestro trabajo en esta escuela EIB</subfield>
    <subfield code="9">49589</subfield>
  </datafield>
  <datafield tag="650" ind1=" " ind2=" ">
    <subfield code="a">C&#xF3;mo desarrollamos los procesos pedag&#xF3;gicos en una escuela EIB</subfield>
    <subfield code="9">49590</subfield>
  </datafield>
  <datafield tag="856" ind1=" " ind2=" ">
    <subfield code="f">www.minedu.gob.pe</subfield>
  </datafield>
  <datafield tag="942" ind1=" " ind2=" ">
    <subfield code="2">ddc</subfield>
    <subfield code="c">LIBROS</subfield>
  </datafield>
  <datafield tag="945" ind1=" " ind2=" ">
    <subfield code="a">pbj</subfield>
    <subfield code="d">2024-04-19</subfield>
  </datafield>
  <datafield tag="952" ind1=" " ind2=" ">
    <subfield code="0">0</subfield>
    <subfield code="2">ddc</subfield>
    <subfield code="4">0</subfield>
    <subfield code="7">0</subfield>
    <subfield code="a">SH</subfield>
    <subfield code="b">SH</subfield>
    <subfield code="c">CART</subfield>
    <subfield code="d">2024-04-19</subfield>
    <subfield code="e">Dep&#xF3;sito Legal</subfield>
    <subfield code="g">30.00</subfield>
    <subfield code="o">353.422 / HEI </subfield>
    <subfield code="p">SH0000016663</subfield>
    <subfield code="r">2024-04-19</subfield>
    <subfield code="y">LIBROS</subfield>
  </datafield>
</record>
